[Event "Nizhnij Novgorod Dubinin Memorial 22nd"]
[Site "Nizhnij Novgorod"]
[Date "2015.??.??"]
[Round "4"]
[White "Churakhina, Lidiya"]
[Black "Karasev, Georgy"]
[Result "1/2-1/2"]
[WhiteElo "1461"]
[BlackElo "1728"]
[PlyCount "33"]
[EventDate "2015.01.03"]
[EventType "swiss"]
[EventRounds "9"]
[EventCountry "RUS"]
[SourceTitle "CBM 164 Extra"]
[Source "ChessBase"]
[SourceDate "2015.03.02"]
[SourceVersion "1"]
[SourceVersionDate "2015.03.02"]
[SourceQuality "1"]

1. Nf3 g6 2. g3 Bg7 3. Bg2 d6 4. c4 Nf6 5. Nc3 a6 6. d4 Nc6 7. e4 e5 8. Bg5 h6 9. Bh4 g5 10. Bxg5 hxg5 11. dxe5 Nxe5 12. Nxe5 dxe5 13. Qxd8+ Kxd8 14. 0-0-0+ Ke7 15. h4 gxh4 16. gxh4 Be6 17. b3 1/2-1/2

[Event "Nizhnij Novgorod Dubinin Memorial 22nd"]
[Site "Nizhnij Novgorod"]
[Date "2015.??.??"]
[Round "5"]
[White "Karasev, Georgy"]
[Black "Kuznetcov, Aleksander"]
[Result "1-0"]
[WhiteElo "1728"]
[BlackElo "2030"]
[PlyCount "71"]
[EventDate "2015.01.03"]
[EventType "swiss"]
[EventRounds "9"]
[EventCountry "RUS"]
[SourceTitle "CBM 164 Extra"]
[Source "ChessBase"]
[SourceDate "2015.03.02"]
[SourceVersion "1"]
[SourceVersionDate "2015.03.02"]
[SourceQuality "1"]

1. e4 e5 2. Bc4 Nf6 3. d3 c6 4. Ne2 d5 5. exd5 cxd5 6. Bb3 Be6 7. 0-0 Bd6 8. f4 exf4 9. Nxf4 0-0 10. Nxe6 fxe6 11. Bg5 Nbd7 12. Qe2 Qb6+ 13. Kh1 Rae8 14. Nd2 Qc7 15. h3 Be5 16. c3 h6 17. Bh4 Bg3 18. Bxg3 Qxg3 19. Rf3 Qg5 20. Qe3 Qxe3 21. Rxe3 Nc5 22. Bc2 Nh5 23. Kg1 Nf4 24. d4 Nd7 25. Rae1 b5 26. Kh2 Nb6 27. b3 Rf6 28. Nf3 Nd7 29. Ne5 Nxe5 30. dxe5 Rff8 31. g3 Nh5 32. Bg6 Rf2+ 33. Kg1 Ref8 34. Bxh5 Rxa2 35. R3e2 Ra3 36. Rb2 1-0

[Event "Nizhnij Novgorod Dubinin Memorial 22nd"]
[Site "Nizhnij Novgorod"]
[Date "2015.??.??"]
[Round "7"]
[White "Karasev, Georgy"]
[Black "Volovik, Lubov"]
[Result "0-1"]
[WhiteElo "1728"]
[BlackElo "1451"]
[PlyCount "46"]
[EventDate "2015.01.03"]
[EventType "swiss"]
[EventRounds "9"]
[EventCountry "RUS"]
[SourceTitle "CBM 164 Extra"]
[Source "ChessBase"]
[SourceDate "2015.03.02"]
[SourceVersion "1"]
[SourceVersionDate "2015.03.02"]
[SourceQuality "1"]

1. e4 c6 2. Nc3 d5 3. Nf3 dxe4 4. Nxe4 Bf5 5. Ng3 Bg6 6. h4 h6 7. Ne5 Bh7 8. Qh5 g6 9. Qf3 Nf6 10. Qb3 Qd5 11. Qxb7 Qxe5+ 12. Be2 Qa5 13. Qxa8 Qc7 14. a4 Nfd7 15. a5 Bg7 16. Ra3 0-0 17. Bf3 Rc8 18. b4 Ne5 19. b5 Nbd7 20. b6 Nxf3+ 21. Kd1 axb6 22. axb6 Nxb6 23. Qa6 Nd4 0-1

[Event "Nizhnij Novgorod Region-ch"]
[Site "Nizhnij Novgorod"]
[Date "2012.10.13"]
[Round "?"]
[White "Karasev, Georgy"]
[Black "Yezerskaja, Anastasija"]
[Result "0-1"]
[WhiteElo "1780"]
[BlackElo "1609"]
[PlyCount "76"]
[EventDate "2012.10.06"]
[EventType "swiss"]
[EventRounds "9"]
[EventCountry "RUS"]
[SourceTitle "EXT 2022"]
[Source "ChessBase"]
[SourceDate "2021.10.06"]
[SourceVersion "1"]
[SourceVersionDate "2021.10.06"]
[SourceQuality "1"]

1. e4 c5 2. Nf3 d6 3. d4 cxd4 4. Nxd4 Nf6 5. Nc3 a6 6. a4 e5 7. Nb3 Be7 8. Bg5 h6 9. Bxf6 Bxf6 10. Bc4 0-0 11. 0-0 Be6 12. Bd5 Qc7 13. Qd3 Nd7 14. Rad1 Be7 15. Kh1 Nb6 16. Bxe6 fxe6 17. Qh3 Rf6 18. Qd3 Nc4 19. Rb1 Raf8 20. f3 Rd8 21. Nd2 Nxd2 22. Qxd2 Rf7 23. Rfe1 Bg5 24. Qd3 Rfd7 25. Qe2 Bf4 26. Rbd1 Qb6 27. Rb1 Re7 28. Red1 Qc6 29. Qd3 Qe8 30. g3 Bg5 31. b3 Rc7 32. Ne2 Qc6 33. c4 Rf7 34. Kg2 Rfd7 35. Nc3 Rc7 36. Rb2 Qc5 37. Rbb1 Qc6 38. h4 Bf6 0-1

[Event "Nizhnij Novgorod Dubinin Memorial 18th"]
[Site "Nizhnij Novgorod"]
[Date "2011.01.03"]
[Round "?"]
[White "Karasev, Georgy"]
[Black "Kulagina, Ekaterina"]
[Result "1/2-1/2"]
[WhiteElo "1821"]
[BlackElo "1726"]
[PlyCount "30"]
[EventDate "2011.01.03"]
[EventType "swiss"]
[EventRounds "9"]
[EventCountry "RUS"]
[SourceTitle "EXT 2012"]
[Source "ChessBase"]
[SourceDate "2011.11.24"]
[SourceVersion "1"]
[SourceVersionDate "2011.11.24"]
[SourceQuality "1"]

1. Nf3 c5 2. d3 Nc6 3. e3 d5 4. Be2 g6 5. Nbd2 Bg7 6. e4 Nf6 7. exd5 Nxd5 8. 0-0 0-0 9. Re1 Nd4 10. Nxd4 cxd4 11. Bf3 e6 12. Nb3 Qd6 13. Bd2 Bd7 14. a3 Rac8 15. Rc1 b6 1/2-1/2

[Event "Nizhnij Novgorod-ch"]
[Site "Nizhnij Novgorod"]
[Date "2010.03.??"]
[Round "?"]
[White "Gavrilov, Nikolay S"]
[Black "Karasev, Georgy"]
[Result "1-0"]
[WhiteElo "2057"]
[BlackElo "1862"]
[PlyCount "93"]
[EventDate "2010.03.13"]
[EventType "swiss"]
[EventRounds "9"]
[EventCountry "RUS"]
[SourceTitle "EXT 2022"]
[Source "ChessBase"]
[SourceDate "2021.10.06"]
[SourceVersion "1"]
[SourceVersionDate "2021.10.06"]
[SourceQuality "1"]

1. d4 e6 2. c4 b6 3. Nf3 Bb7 4. Bg5 Be7 5. Bxe7 Nxe7 6. Nc3 d6 7. e4 Nd7 8. Bd3 Ng6 9. 0-0 0-0 10. Qd2 a6 11. Rad1 e5 12. Bb1 Rc8 13. Qe3 Qe7 14. Nd5 Qd8 15. Ng5 h6 16. Nh3 Re8 17. f4 Bxd5 18. cxd5 Nxf4 19. Nxf4 exf4 20. Qxf4 Qf6 21. Qg4 Qe7 22. Qf5 Nf8 23. e5 dxe5 24. dxe5 Rcd8 25. d6 cxd6 26. Rxd6 Rxd6 27. exd6 Qe6 28. Rd1 Rd8 29. Qd3 g6 30. a3 b5 31. Bc2 Qe5 32. b4 Rd7 33. Bb3 Kg7 34. Qf3 h5 35. h3 f5 36. Kh1 Rxd6 37. Qb7+ Kh6 38. Rxd6 Qxd6 39. Qf7 Nd7 40. Qg8 h4 41. Qh8+ Kg5 42. Qd8+ Qf6 43. Qxd7 Qa1+ 44. Qd1 Qxa3 45. Qd8+ Kh5 46. Bd1+ Kh6 47. Qxh4+ 1-0

[Event "Nizhnij Novgorod-ch"]
[Site "Nizhnij Novgorod"]
[Date "2010.03.??"]
[Round "?"]
[White "Karasev, Georgy"]
[Black "Maershina, Arina"]
[Result "1/2-1/2"]
[WhiteElo "1862"]
[BlackElo "1721"]
[PlyCount "86"]
[EventDate "2010.03.13"]
[EventType "swiss"]
[EventRounds "9"]
[EventCountry "RUS"]
[SourceTitle "EXT 2022"]
[Source "ChessBase"]
[SourceDate "2021.10.06"]
[SourceVersion "1"]
[SourceVersionDate "2021.10.06"]
[SourceQuality "1"]

1. Nc3 Nf6 2. b3 g6 3. Bb2 Bg7 4. Qc1 0-0 5. d3 d5 6. e3 Nc6 7. Nf3 b6 8. Ne2 Bb7 9. Ng3 Re8 10. Ne5 Qd6 11. Nxc6 Qxc6 12. Be2 Rad8 13. a4 Qd7 14. 0-0 e5 15. Rb1 c5 16. Re1 d4 17. e4 Kh8 18. Qd1 Ng8 19. Bc1 Bc6 20. Bd2 a5 21. h3 Ne7 22. Bg5 h6 23. Bd2 Rf8 24. Qc1 Kh7 25. Qd1 f5 26. exf5 Nxf5 27. Ne4 Nd6 28. f3 Nxe4 29. fxe4 Qe7 30. Bf3 Qh4 31. Rf1 Bd7 32. Qe1 Qxe1 33. Rbxe1 Rf7 34. Be2 Rdf8 35. Rxf7 Rxf7 36. Rf1 Bf6 37. Be1 Kg7 38. Bg3 Be6 39. Rf3 Bd7 40. Bh2 Be6 41. g4 g5 42. Kg2 Bd7 43. Rf1 Be6 1/2-1/2

[Event "Nizhnij Novgorod Dubinin Memorial 17th"]
[Site "Nizhnij Novgorod"]
[Date "2010.??.??"]
[Round "?"]
[White "Karasev, Georgy"]
[Black "Kudriashov, Alexander"]
[Result "0-1"]
[WhiteElo "1888"]
[BlackElo "2190"]
[PlyCount "40"]
[EventDate "2010.01.03"]
[EventType "swiss"]
[EventRounds "9"]
[EventCountry "RUS"]
[SourceTitle "CBM 134 Extra"]
[Source "ChessBase"]
[SourceDate "2010.03.03"]
[SourceVersion "1"]
[SourceVersionDate "2010.03.03"]
[SourceQuality "1"]

1. Nf3 c5 2. b3 b6 3. Bb2 Bb7 4. g3 e6 5. Bg2 Nf6 6. d3 Be7 7. Nbd2 d5 8. e3 Nbd7 9. Ne5 Nxe5 10. Bxe5 0-0 11. Bb2 Qc7 12. 0-0 Nd7 13. e4 Bf6 14. Bxf6 Nxf6 15. Re1 e5 16. exd5 Bxd5 17. Bxd5 Nxd5 18. a3 Rad8 19. Qf3 f6 20. Rac1 Ne7 0-1